Statistics for Movies with Cities in Their Name

Click here to take the quiz!

General Stats

  • This quiz has been taken 35 times
    (15 since last reset)
  • The average score is 7 of 23

Answer Stats

CastMovie% Correct
Tom Hanks, Meg RyanSleepless in Seattle
85%
Humphrey Bogart, Ingrid BergmanCasablanca
77%
William H. Macy, Frances McDormandFargo
77%
Nicolas Cage, Elisabeth ShueLeaving Las Vegas
69%
Tom Hanks, Denzel WashingtonPhiladelphia
62%
Leonardo DiCaprio, Daniel Day LewisGangs of New York
54%
Casey Affleck, Michelle WilliamsManchester By the Sea
38%
Jackie Chan, Owen WilsonShanghai Noon
38%
Jessica Alba, Bruce WillisSin City
31%
Gerard Butler, Aaron EckhartLondon Has Fallen
23%
Judy Garland, Margaret O'BrienMeet Me in St. Louis
23%
Colin Farrell, Jamie FoxxMiami Vice
23%
Eric Bana, Daniel CraigMunich
23%
Robert De Niro, Liza MinelliNew York, New York
23%
John Boyega, Anthony MackieDetroit
15%
Owen Wilson, Adrien BrodyMidnight in Paris
15%
Matthew McConaughey, Jennifer GarnerDallas Buyers Club
8%
Tobey Maguire, Reese WitherspoonPleasantville
8%
Ralph Fiennes, Willem DafoeThe Grand Budapest Hotel
8%
Mark Wahlberg, John GoodmanBoston
0%
Jesse Eisenberg, Anne HathawayRio
0%
Sacha Baron Cohen, Eddie RedmayneThe Trial of the Chicago 7
0%
Michael Madsen, William BaldwinWelcome to Acapulco
0%

Score Distribution

Percentile by Number Answered

Percent of People with Each Score

Your Score History

You have not taken this quiz since the last reset